| Поле | Инд. | ПП | Название | Значение |
|---|---|---|---|---|
| Тип записи | a | |||
| Библиографический уровень | m | |||
| 001 | Контрольный номер | RU/IS/BASE/323368439 | ||
| 005 | Дата корректировки | 20250320120508.1 | ||
| 008 | Кодируемые данные | 20100331 | ||
| 040 | b | Код языка каталог. | rus | |
| e | Правила каталог. | PSBO | ||
| 041 | 0_ | a | Код языка текста | rus |
| 084 | a | Индекс другой классификации/Индекс ББК | 26.311; 26.303 | |
| 090 | a | Полочн. индекс | 26.311 испр. | |
| x | Авторский знак | Ш 68 | ||
| 100 | 1_ | a | Автор | Шлейер А. |
| 245 | 10 | a | Заглавие | Минералогия |
| b | Продолж. заглавия | с 75 рисунками в тексте и 30 цветными таблицами | ||
| c | Ответственность | перевод с немецкого Б. М. Б. | ||
| 260 | a | Место издания | Москва | |
| b | Издательство | Издание В. М. Саблина | ||
| c | Дата издания | 1912 | ||
| 300 | a | Объем | 90 с. | |
| b | Иллюстрации/ тип воспроизводства | ил., табл. | ||
| 336 | a | Термин вида содержания | Текст | |
| 337 | a | Термин типа средства | непосредственный | |
| 650 | 14 | a | Основная рубрика | геология |
| a | Основная рубрика | минералогия | ||
| a | Основная рубрика | науки о Земле | ||
| 653 | 0_ | a | Ключевые слова | галоидные соли |
| a | Ключевые слова | комбинации | ||
| a | Ключевые слова | кристаллические формы | ||
| a | Ключевые слова | кристаллография | ||
| a | Ключевые слова | кристаллы | ||
| a | Ключевые слова | минералы | ||
| a | Ключевые слова | окислы | ||
| a | Ключевые слова | органические соединения | ||
| a | Ключевые слова | сернистые соединения | ||
| a | Ключевые слова | силикаты | ||
| a | Ключевые слова | систематика | ||
| a | Ключевые слова | физические свойства | ||
| a | Ключевые слова | химические свойства | ||
| 901 | t | Тип документа | m | |
| 952 | a | Тип литературы для КСУ ВШ | НАУ |